Reasoning and logic (Record no. 768)

MARC details
000 -LEADER
fixed length control field 00768cam a22002651 4500
001 - CONTROL NUMBER
control field 7509105
003 - CONTROL NUMBER IDENTIFIER
control field GBCCL
005 - DATE AND TIME OF LATEST TRANSACTION
control field 20241126110345.0
008 - FIXED-LENGTH DATA ELEMENTS--GENERAL INFORMATION
fixed length control field 720808s1964 nyua b 001 0 eng
010 ## -
-- 63016209
035 ## - SYSTEM CONTROL NUMBER
System control number (OCoLC)375322
040 ## - CATALOGING SOURCE
Original cataloging agency DLC
Transcribing agency ODaWU
Modifying agency OCoLC
-- DLC
050 00 -
-- BC108
-- .A57
082 ## - DEWEY DECIMAL CLASSIFICATION NUMBER
Classification number 160
Item number ANG
100 1# - MAIN ENTRY--PERSONAL NAME
Personal name Angell, Richard B.
9 (RLIN) 1075
245 10 - TITLE STATEMENT
Title Reasoning and logic
Statement of responsibility, etc. [by] Richard B. Angell.
260 ## - PUBLICATION, DISTRIBUTION, ETC.
Place of publication, distribution, etc. New York,
Name of publisher, distributor, etc. Appleton-Century-Crofts
Date of publication, distribution, etc. [1964]
300 ## - PHYSICAL DESCRIPTION
Extent xiv, 625 p.
Other physical details illus.
Dimensions 25 cm.
490 0# - SERIES STATEMENT
Series statement The Century philosophy series
504 ## - BIBLIOGRAPHY, ETC. NOTE
Bibliography, etc. note Includes bibliographical footnotes and index.
650 #0 - SUBJECT ADDED ENTRY--TOPICAL TERM
Topical term or geographic name entry element Logic.
9 (RLIN) 1073
906 ## - LOCAL DATA ELEMENT F, LDF (RLIN)
a 7
b cbc
c oclcrpl
d u
e ncip
f 19
g y-gencatlg
942 ## - ADDED ENTRY ELEMENTS (KOHA)
Source of classification or shelving scheme Dewey Decimal Classification
Koha item type Books
Koha issues (borrowed), all copies 1
Holdings
Withdrawn status Lost status Source of classification or shelving scheme Damaged status Not for loan Home library Current Library Shelving location Date acquired Total checkouts Full call number Barcode Date last seen Date last checked out Copy number Price effective from Koha item type
    Dewey Decimal Classification     GRACE BIBLE COLLEGE GRACE BIBLE COLLEGE Philosophy and Religion 2017-03-15 1 160 ANG 000342 2025-05-01 2019-11-08 c.1 2017-03-15 Books
© Grace Bible College Library 2025